|
|
|
|
| LEADER |
00000nas a2200000 a 4500 |
| 001 |
ssj0000561957 |
| 003 |
WaSeSS |
| 005 |
20200512172242.0 |
| 006 |
m d |
| 007 |
cr n |
| 008 |
100317c19709999fr gr s s i0 0eng c |
| 010 |
|
|
|a 2011251119
|
| 022 |
|
|
|a 2072-5310
|y 1996-3459
|
| 035 |
|
|
|a (WaSeSS)ssj0000561957
|
| 040 |
|
|
|a OCLCE
|b eng
|c OCLCE
|d UMC
|d OCLCQ
|d OCLCF
|d OCLCQ
|d ZAC
|d WaSeSS
|
| 042 |
|
|
|a dlr
|a pcc
|
| 050 |
|
4 |
|a HD9539.U69
|b U73
|
| 050 |
|
4 |
|a TN490.U7
|b U72
|
| 082 |
0 |
4 |
|a 333.8/54932//05
|2 20
|
| 245 |
0 |
0 |
|a Uranium resources, production, and demand
|h [electronic resource] :
|b a joint report /
|c by the European Nuclear Energy Agency and the International Atomic Energy Agency.
|
| 246 |
1 |
3 |
|a Red book
|
| 246 |
3 |
0 |
|a Uranium
|
| 260 |
|
|
|a Paris, France :
|b Organisation for Economic Co-operation and Development,
|c 1970-
|
| 310 |
|
|
|a Biennial
|
| 362 |
0 |
|
|a Sept. 1970-
|
| 500 |
|
|
|a Continues the monographs: Uranium resources, revised estimates, December 1967; and Uranium production and short term demand, January 1969.
|
| 506 |
|
|
|a License restrictions may limit access.
|
| 525 |
|
|
|a Vols. for 1986- kept up-to-date between eds. by: Statistical update.
|
| 538 |
|
|
|a Master and use copy. Digital master created according to Benchmark for Faithful Digital Reproductions of Monographs and Serials, Version 1. Digital Library Federation, December 2002.
|u http://purl.oclc.org/DLF/benchrepro0212
|5 MiAaHDL
|
| 550 |
|
|
|a Vols. for <1973-2003> issued by: OECD Nuclear Energy Agency, and the International Atomic Energy Agency.
|
| 580 |
|
|
|a Some volumes accompanied by: Summary report, or: Overview.
|
| 580 |
|
|
|a Vols. for <1970-2003> issued also in French: Uranium, ressources, production et demande (varies slightly).
|
| 583 |
1 |
|
|a digitized
|c 2010
|h HathiTrust Digital Library
|l committed to preserve
|5 MiAaHDL
|2 pda
|
| 588 |
|
|
|a Description based on print version record.
|
| 588 |
|
|
|a Latest issue consulted: 2009 (OECD iLibrary, viewed Aug. 9, 2011).
|
| 650 |
|
0 |
|a Uranium industry
|v Periodicals.
|
| 650 |
|
7 |
|a Uranium industry.
|2 fast
|0 (OCoLC)fst01162266
|
| 655 |
|
0 |
|a Electronic journals.
|
| 710 |
2 |
|
|a European Nuclear Energy Agency.
|
| 710 |
2 |
|
|a OECD Nuclear Energy Agency.
|
| 710 |
2 |
|
|a International Atomic Energy Agency.
|
| 775 |
1 |
|
|t Uranium resources, production, and demand. French. Uranium: ressources, production et demande
|
| 776 |
0 |
8 |
|i Print version:
|t Uranium resources, production, and demand
|w (DLC) 90640163
|w (OCoLC)4153064
|
| 787 |
0 |
|
|t Uranium resources, production, and demand. Summary report
|
| 787 |
0 |
|
|t Uranium resources, production, and demand. Overview
|
| 856 |
4 |
0 |
|z Full text available from Research Library: 01/01/2011 to 12/31/2016
|u https://search.proquest.com/publication/2026441
|
| 856 |
4 |
0 |
|z Full text available from Research Library: 01/01/2018 to 6 months ago
|u https://search.proquest.com/publication/2026441
|